Emploi des accumulateurs : (Record no. 193707)

MARC details
000 -LEADER
campo de control de longitud fija 01827nam a2200373 i 4500
001 - NÚMERO DE CONTROL
campo de control 193707
003 - IDENTIFICADOR DE NÚMERO DE CONTROL
campo de control ES-MaACL
005 - FECHA Y HORA DE LA ÚLTIMA TRANSACCIÓN
campo de control 20240208063127.0
007 - CAMPO FIJO DE DESCRIPCIÓN FÍSICA--INFORMACIÓN GENERAL
campo de control de longitud fija ta
008 - DATOS DE LONGITUD FIJA--INFORMACIÓN GENERAL
campo de control de longitud fija 240206s1909||||fr a fre 000 0 fre d
035 ## - NÚMERO DE CONTROL DEL SISTEMA
Número de control de sistema (OCoLC)23412034
035 ## - NÚMERO DE CONTROL DEL SISTEMA
Número de control de sistema 021968934
035 ## - NÚMERO DE CONTROL DEL SISTEMA
Número de control de sistema ocm23412034
040 ## - FUENTE DE CATALOGACIÓN
Centro catalogador/agencia de origen ABES
Lengua de catalogación fre
Normas de descripción AFNOR
Centro/agencia transcriptor ES-MaACL
100 1# - ENTRADA PRINCIPAL--NOMBRE DE PERSONA
Nombre de persona Loppé, François,
Fechas asociadas al nombre 1855-....
9 (RLIN) 235064
245 10 - MENCIÓN DEL TÍTULO
Título Emploi des accumulateurs :
Resto del título détermination de la capacité d'une batterie devant assurer un service donné, type de machine et essais de réception.
Número de parte o sección de la obra Première partie,
Nombre de parte o sección de la obra Emploi d'une batterie d'accumulateurs /
Mención de responsabilidad, etc. [Par M. F. Loppé,...].
246 13 - FORMA VARIANTE DEL TITULO
Título propio/Titulo breve Emploi d'une batterie d'accumulateurs
264 #1 - PRODUCCIÓN, PUBLICACIÓN, DISTRIBUCIÓN, FABRICACIÓN Y COPYRIGHT
Producción, publicación, distribución, fabricación y copyright Paris :
Nombre del de productor, editor, distribuidor, fabricante Librairie des Sciences et de l'Industrie :
-- L. Geisler, imprimeur-éditeur,
Fecha de producción, publicación, distribución, fabricación o copyright 1909.
300 ## - DESCRIPCIÓN FÍSICA
Extensión 74 páginas :
Otras características físicas Diagramas ;
Dimensiones 25 cm.
336 ## - TIPO DE CONTENIDO
Código de tipo de contenido txt
Fuente rdacontent
Término de tipo de contenido texto
337 ## - TIPO DE MEDIO
Código del tipo de medio n
Fuente rdamedia
Nombre/término del tipo de medio sin mediación
337 ## - TIPO DE MEDIO
Código del tipo de medio n
Fuente isbdmedia
Nombre/término del tipo de medio sin mediación
338 ## - TIPO DE SOPORTE
Código del tipo de soporte nga
Fuente RDAfrCarrier
Nombre/término del tipo de soporte volumen
490 1# - MENCIÓN DE SERIE
Mención de serie Encyclopédie électrotechnique ;
Designación de volumen o secuencia 19e Fascicule
562 ## - NOTA DE IDENTIFICACIÓN DE LA COPIA Y VERSIÓN
Marcas de identificación Ouvrage relié avec 5 autres documents de la collection Encyclopédie électrotechnique
650 #4 - PUNTO DE ACCESO ADICIONAL DE MATERIA--TÉRMINO DE MATERIA
Término de materia o nombre geográfico como elemento de entrada Acumuladores eléctricos
9 (RLIN) 9604
760 0# - ENLACE A UNA SERIE PRINCIPAL
Título Encyclopédie électrotechnique / par un comité d'Ingénieurs spécialistes / M. F. Loppé,...
Lugar, editor y fecha de publicación Paris : L. Geisler, 1907?-1918
Descripción física 54 fasc.
Parte(s) relacionada(s) 19
Número de control del registro (ABES)139541152
830 ## - PUNTO DE ACCESO ADICIONAL DE SERIE-TÍTULO UNIFORME
9 (RLIN) 235039
Título uniforme Encyclopédie électrotechnique ;
Designación de volumen o secuencia 19
852 ## - LOCALIZACIÓN
Ubicación Es-MaACL
Sublocalización o colección R.M.8238/3
Ubicación en estantería Sala Valle Inclán
Número de control de estantería D-8692(3)
Marcas de propiedad Sello en tinta en portada: "Ateneo de Madrid. Biblioteca"
Encuadernación Encuadernado junto con los Fasciculos 17 y 18
itemnumber 201235
886 2# - INFORMACIÓN DE CAMPO MARC FORÁNEO
2 unimarc
a 181
-- i#
b xxxe##
942 ## - ELEMENTOS DE ENTRADA SECUNDARIOS (KOHA)
Suprimir en OPAC No
Tipo de ítem Koha Libro impreso
Holdings
Estatus retirado Estado de pérdida Fuente del sistema de clasificación o colocación Estado de daño No para préstamo Biblioteca de origen Biblioteca actual Ubicación en estantería Fecha de adquisición Número de inventario Total de préstamos Signatura topográfica completa Visto por última vez Precio de reemplazo Tipo de ítem Koha Nota pública
    Clasificación decimal universal     Biblioteca del Ateneo de Madrid Biblioteca del Ateneo de Madrid Sala Valle Inclán 06/02/2024 R.M.8238   D-8692(3) 06/02/2024 06/02/2024 Libro impreso D-8692(3). -- Encuadernado en tercer lugar con los fascículos 17 y 18